00902nam a22002417a 4500999001500000001000600015003000900021005001700030008004100047020001800088020001500106040002800121082002100149100002200170245008300192260004900275300004600324490003200370504006800402650006000470942001200530952011800542 c3865d386513506BD-DhUAP20210131095241.0200312s2005 enka b 001 0 eng d a9780194421843 a0194421848 aOSZcOSZdBD-DhUAPbEng04223a428.007 HOL 1 aHolliday, Adrian.14aThe Struggle to teach English as an international language /cAdrian Holliday. aNew York :bOxford University Press,cc2005. axii, 193 pages :billustrations ;c24 cm. aOxford applied linguistics. aIncludes bibliographical references (p. [179]-187) and indexes. 0aEnglish languagexStudy and teachingxForeign speakers. 2ddccBK 00102ddc4070aUAPCLbUAPCLcGeneral Stacksd2020-03-12o428.007 HOLp3010013506r2020-03-12t1w2020-03-12yBK